[Event "Euskadi-chTB"]
[Site "Euskadi"]
[Date "2000.11.18"]
[Round "1"]
[White "Roman Mediavilla, Jorge"]
[Black "Unzueta Romero, Jesus"]
[Result "1/2-1/2"]
[WhiteElo "2007"]
[BlackElo "1991"]
[PlyCount "103"]
[EventDate "2000.11.18"]
[EventType "team"]
[EventRounds "9"]
[EventCountry "ESP"]
[SourceTitle "EXT 2006"]
[Source "ChessBase"]
[SourceDate "2005.11.24"]
[SourceVersion "1"]
[SourceVersionDate "2005.11.24"]
[SourceQuality "1"]

1. c4 c6 2. Nc3 d5 3. cxd5 cxd5 4. d4 Nc6 5. Nf3 Nf6 6. Bf4 e6 7. e3 Ne4 8. Bd3 f5 9. 0-0 Be7 10. Ne5 0-0 11. Rc1 Bd7 12. Na4 Nxe5 13. Bxe5 Qa5 14. Bxe4 Bxa4 15. Bc2 Bb5 16. Bd3 Rac8 17. Rc2 Rxc2 18. Qxc2 Bxd3 19. Qxd3 Rc8 20. Qb1 Qd2 21. Rd1 Qc2 22. Kf1 Kf7 23. a3 a5 24. Ke1 Qxb1 25. Rxb1 Rc2 26. Bg3 b5 27. Kd1 Rc4 28. Rc1 a4 29. Rxc4 dxc4 30. Kc2 b4 31. Bc7 Ke8 32. Ba5 bxa3 33. bxa3 Bxa3 34. Kc3 Bd6 35. h3 a3 36. Kxc4 Kd7 37. Kb3 Kc6 38. Kc4 g5 39. f3 h5 40. Bc3 g4 41. hxg4 hxg4 42. fxg4 fxg4 43. Bd2 Bc7 44. Bc1 Bd6 45. e4 Be7 46. Bd2 Kb6 47. Bc3 Bg5 48. Kb3 Bc1 49. Kc2 Be3 50. Bb4 a2 51. Bc3 Kb5 52. Kb2 1/2-1/2